000 00397nam a2200145Ia 4500
008 220217s9999||||xx |||||||||||||| ||und||
020 _a9780071074391
082 _a621.815 LIN
100 _aLingaiah, K
_99236
245 0 _aMachine design databook
250 _a2nd
260 _aTata mcgraw hill company Ltd.
_bNew Delhi
_c2010
300 _aXX, 1208p.
_b2050
650 _aMACHINE DESIGN
999 _c184921
_d184921